| 000 -ლიდერი |
| ფიქსირებული სიგრძის საკონტროლო ველი |
01152nam a2200253Ia 4500 |
| 001 - საკონტროლო ნომერი |
| საკონტროლო ველი |
5646 |
| 003 - საკონტროლო ნომრის იდენტიფიკატორი |
| საკონტროლო ველი |
GE_BSU |
| 005 - ბოლო ოპერაციის თარიღი და დრო |
| საკონტროლო ველი |
20191024095444.0 |
| 008 - ფიქსირებული სიგრძის მონაცემთა ელემენტები - ზოგადი ინფორმაცია |
| ფიქსირებული სიგრძის საკონტროლო ველი |
181216s2012||||ge |||||||||||||| ||geo|| |
| 020 ## - წიგნის საერთაშორისო სტანდარტული ნომერი |
| International Standard Book Number |
9789941927584 |
| 040 ## - კატალოგიზაციის წყარო |
| Transcribing agency |
GE_BSU |
| 041 ## - ენის კოდი |
| Language code of text/sound track or separate title |
geo |
| 080 ## - უნივერსალური ათობითი კლასიფიკაციის ინდექსი |
| Universal Decimal Classification number |
94(479.223) ს-96 |
| 100 ## - მთავარი ჩანაწერი - პიროვნების სახელი |
| Personal name |
სურმანიძე, რამაზ |
| 9 (RLIN) |
1529 |
| 245 ## - ცნობა სათაურის შესახებ |
| Title |
დიდი ვეზირი ხოსრო ერისთავი-ჩხეიძე / |
| Statement of responsibility, etc |
რამაზ სურმანიძე ; რედ. ნოდარ ჩხეიძე; ფოტორეპროდუქციები ზურაბ სურმანიძე |
| 264 ## - წარმოების, გამოცემის, დისტრიბუციის და სხვა ცნობები |
| გამოცემის, წარმოების, დისტრიბუციის... ადგილი |
თბილისი, |
| გამოცემის, წარმოების, დისტრიბუციის... თარიღი |
2012 |
| 300 ## - ფიზიკური აღწერა |
| Extent |
63 გვ.; |
| Other physical details |
20 სმ. |
| 504 ## - BIBLIOGRAPHY, ETC. NOTE |
| Bibliography, etc |
ბიბლიოგრ.: გვ. 61-62. |
| 600 ## - SUBJECT ADDED ENTRY--PERSONAL NAME |
| Personal name |
ერისთავი-ჩხეიძე ხოსრო |
| 9 (RLIN) |
4968 |
| 653 ## - INDEX TERM--UNCONTROLLED |
| Uncontrolled term |
ქართული გვარების ისტორია |
| 700 ## - ADDED ENTRY--PERSONAL NAME |
| Personal name |
ჩხეიძე, ნოდარ |
| Relator term |
რედაქტორი |
| 9 (RLIN) |
4969 |
| 710 ## - ADDED ENTRY--CORPORATE NAME |
| Corporate name or jurisdiction name as entry element |
სურმანიძე, ზურაბ |
| Subordinate unit |
ფოტო |
| 9 (RLIN) |
4970 |
| 942 ## - ADDED ENTRY ELEMENTS (KOHA) |
| Koha item type |
წიგნი |
| Source of classification or shelving scheme |
|